Child protection programs in Florida : hearing before the Subcommittee on Human Resources of the Committee on Ways and Means, House of Representatives, One Hundred Fifth Congress, second session, December 14, 1998.

Bibliographic Details
Corporate Authors: United States. Congress. House. Committee on Ways and Means. Subcommittee on Human Resources, ProQuest (Firm)
Format: Government Document eBook
Language:English
Published: Washington : U.S. G.P.O. : 1998 [i.e. 2000]
Series:U.S. Congressional Hearings.
Subjects:
Online Access:Connect to the full text of this electronic book

MARC

Tag First Indicator Second Indicator Subfields
LEADER 00000cam a22000001a 4500
001 in00003247331
006 m d f
007 cr bn mmmapmmp
008 090922s1998 dcua ob f000 0 eng d
005 20260504162633.5
035 |a cis2007471548 
040 |a UMI  |c UMI  |d UtOrBLW 
043 |a n-us--- 
074 |a 1028-A 
074 |a 1028-B (MF) 
086 0 |a Y 4.W 36:105-99 
088 |a Serial 105-99 (United States. Congress. House. Committee on Ways and Means) 
099 |a HRG-1998-WAM-0032 
110 1 |a United States.  |b Congress.  |b House.  |b Committee on Ways and Means.  |b Subcommittee on Human Resources. 
245 1 0 |a Child protection programs in Florida :  |b hearing before the Subcommittee on Human Resources of the Committee on Ways and Means, House of Representatives, One Hundred Fifth Congress, second session, December 14, 1998. 
264 1 |a Washington :  |b U.S. G.P.O. :  |c 1998 [i.e. 2000] 
264 2 |a Washington :  |b For sale by the U.S. G.P.O., Supt. of Docs., Congressional Sales Office, 
300 |a 1 online resource. 
336 |a text  |b txt  |2 rdacontent 
337 |a computer  |b c  |2 rdamedia 
338 |a online resource  |b cr  |2 rdacarrier 
500 |a Record is based on bibliographic data in ProQuest Congressional Hearings Digital Collection. Reuse except for individual research requires license from ProQuest, LLC. 
504 |a Includes bibliographical references. 
538 |a System requirements: PDF reader software. 
500 |a Electronic resource. 
650 0 |a Child welfare  |z Florida. 
650 0 |a Foster home care  |z Florida. 
655 7 |a Electronic books.  |2 local 
710 2 |a ProQuest (Firm) 
776 0 8 |i Print version:  |a United States. Congress. House. Committee on Ways and Means. Subcommittee on Human Resources.  |t Child protection programs in Florida  |w (DLC)00327590  |w (OCoLC)ocm44184040 
776 0 8 |i Microfiche version:  |a United States. Congress. House. Committee on Ways and Means. Subcommittee on Human Resources.  |t Child protection programs in Florida.  |d [Bethesda, Md.] : ProQuest,[2004]  |o CIS 00 H781-10  |w (ProQuest)cis00001374 
830 0 |a U.S. Congressional Hearings. 
856 4 0 |u http://proxy.library.tamu.edu/login?url=https://congressional.proquest.com/congcomp/getdoc?HEARING-ID=HRG-1998-WAM-0032  |z Connect to the full text of this electronic book  |t 0 
998 |a cis00001374 
999 |a MARS 
999 f f |s cf9e5132-2104-3433-a46a-ad8e6a15e9c2  |i 26736d6e-b2f1-3627-a66c-fe57bf3d4874  |t 0 
952 f f |a Texas A&M University  |b College Station  |c Electronic Resources  |s www_evans  |d Available Online  |t 0  |e HRG-1998-WAM-0032  |h Other scheme 
998 f f |a HRG-1998-WAM-0032  |t 0  |l Available Online